Dohľad nad trhom
Príspevok pojednáva o novo formulovaných požiadavkách dohľadu nad trhom, systéme RASFF, možnosti zneužitia systému v konkurenčnom boji a všeobecnej neznalosti tejto problematiky.
Gespeichert in:
| 1. Verfasser: | |
|---|---|
| Weitere Verfasser: | |
| Format: | Buchkapitel |
| Sprache: | Slowakisch |
| Schlagworte: | |
| Tags: |
Keine Tags, Fügen Sie das erste Tag hinzu!
|
MARC
| LEADER | 00000nla$a2200000$$$4500 | ||
|---|---|---|---|
| 001 | 0120713 | ||
| 005 | 20240502072350.5 | ||
| 041 | 0 | |a slo | |
| 044 | |a SK | ||
| 245 | 1 | 0 | |a Dohľad nad trhom |c Ľudmila Kristová, Vojtech Kollár |
| 520 | |a Príspevok pojednáva o novo formulovaných požiadavkách dohľadu nad trhom, systéme RASFF, možnosti zneužitia systému v konkurenčnom boji a všeobecnej neznalosti tejto problematiky. | ||
| 610 | 2 | 0 | |a bezpečnosť výrobkov |
| 610 | 2 | 0 | |a trh výrobkov |
| 610 | 2 | 0 | |a dozor |
| 100 | 1 | |a Kristová, Ľudmila | |
| 700 | 1 | |a Kollár, Vojtech | |